Statystyki dla 40 Największych miast Azji

Kliknij tutaj aby rozwiązać quiz!

Ogólne statystyki

  • Ten quiz został rozwiązany 189 razy
  • Średni wynik to 14 z 40

Statystyki odpowiedzi

lp.PopulacjaMiasto% Poprawnych
221 710 000Pekin
97%
713 942 856Tokio
94%
416 787 941Nowe Delhi
87%
124 153 000Szanghaj
84%
1710 025 927Seul
77%
1610 154 134Dżakarta
75%
189 617 000Bangkok
72%
1012 223 598Teheran
70%
287 216 040Bagdad
57%
912 478 447Mumbaj
57%
385 607 300Singapur
57%
237 895 000Wuhan
57%
247 785 000Hanoi
55%
1111 547 491Kanton
55%
316 820 000Dhaka
52%
614 804 116Stambuł
50%
405 346 518Ankara
48%
514 910 352Karaczi
40%
208 426 100Ho Chi Minh
25%
375 740 000Xi’an
23%
1311 050 000Chengdu
19%
326 263 790Chongqing
19%
365 827 888Nankin
18%
812 938 693Tiencin
17%
267 360 703Rangun
14%
1510 163 000Madras
12%
218 425 970Bengaluru
10%
199 305 000Hajdarabad
10%
306 820 000Hangzhou
7%
257 645 000Ahmadabad
6%
335 945 000Pune
6%
1410 358 381Shenzhen
6%
297 005 000Zhengzhou
6%
227 935 000Shenyang
5%
355 935 000Surat
5%
345 943 000Dalian
3%
277 271 322Dongguan
3%
395 349 090Suzhou
3%
316 771 895Foshan
1%
1211 126 285Lahur
1%

Rozkład punktacji

Percentyl według liczby udzielonych odpowiedzi

Procent ludzi z każdym wynikiem

Twoja historia wyników

Nie rozwiązałeś tego quizu